000 00458nam a2200181Ia 4500
001 2641
005 20260306144822.0
008 260306t2010||||xx |||||||||||||| ||spa||
041 _aESP
082 _a618.928
_bJ24
100 _aJarne, Adolfo
_eAUT
245 0 _aManual de neuropsicología forense:
_bde la clínica a los tribunales
260 _c2010
300 _a779 páginas :
_c22 cm.
650 _aGEN
654 _aCPS
942 _cLIB
_dJUS
_fJUS
_2ddc
_n
999 _c2641
_d2641